Γραμμική άλγεβρα αναλυτική γεωμετρία και εφαρμογές : με τις λύσεις όλων των ασκήσεων
Αποθηκεύτηκε σε:
| Κύριος συγγραφέας: | |
|---|---|
| Άλλοι συγγραφείς: | |
| Μορφή: | Βιβλίο |
| Γλώσσα: | Greek |
| Δημοσίευση: |
Αθήνα :
Τσόδρας,
2017.
|
| Θέματα: | |
| Ετικέτες: |
Προσθήκη ετικέτας
Δεν υπάρχουν, Καταχωρήστε ετικέτα πρώτοι!
|
MARC
| LEADER | 00000cam a2200000 a 4500 | ||
|---|---|---|---|
| 001 | 1/121888 | ||
| 008 | 200731?2017####gr| ||| |||| ||gre|| | ||
| 020 | |a 9786185066789 |q (χαρτόδετο) | ||
| 040 | |a GR-MyUa |b gre |c GR-MyUa |e AACR2 | ||
| 041 | 0 | |a gre | |
| 082 | 7 | |a 512.5 |2 (23) | |
| 100 | 1 | |a Καδιανάκης Ν. | |
| 245 | 1 | 0 | |a Γραμμική άλγεβρα αναλυτική γεωμετρία και εφαρμογές : |b με τις λύσεις όλων των ασκήσεων / |c Ν. Καδιανάκης, Σ.Καρανάσιος |
| 260 | |a Αθήνα : |b Τσόδρας, |c 2017. | ||
| 300 | |a 622 σ. ; |b πίν. ; |c 23 εκ. | ||
| 500 | |a Περιλαμβάνει βιβλιογραφία και ευρετήριο. | ||
| 650 | 0 | |a Algebras - Linear. | |
| 650 | 0 | |a Geometry - Analytic. | |
| 700 | ? | |a Καρανάσιος, Σ. | |
| 852 | |a INST |b CHIOS |c EUDOXUS |e 20200731 |h 512.5 ΚΑΔ |p 005200039961 |q 005200039961 |t EDX |y 0 | ||
| 920 | |a Εύδοξος |b Παραγγελία |y Χίος-ΤΜΟΔ |z 07-07-2020 | ||
| 970 | |a Πουλάκη |b Στέλλα |z 31-07-2020 | ||